[Event "Torneo de Benidorm sub 2000 2019"]
[Site "Benidorm ESP"]
[Date "2019.12.07"]
[Round "10.4"]
[White "Rohan, Bharat Joshi"]
[Black "Padilla Mendez, Vicente"]
[Result "0-1"]
[WhiteElo "1944"]
[BlackElo "1877"]
[PlyCount "210"]
[EventDate "2019.11.29"]
[EventType "swiss"]
[EventRounds "10"]
[EventCountry "ESP"]
[SourceTitle "Ajedrez en Madrid"]
[Source "lmi"]
[SourceDate "2019.11.30"]
[SourceVersion "1"]
[SourceVersionDate "2019.12.08"]
[SourceQuality "1"]

1. e4 c5 2. Nf3 e6 3. d4 cxd4 4. Nxd4 a6 5. Nc3 Qc7 6. a3 Nf6 7. Be3 Be7 8. f4
d6 9. Qf3 Nc6 10. O-O-O Nxd4 11. Rxd4 Bd7 12. g4 e5 13. Rc4 Qd8 14. g5 Ng4 15.
Nd5 Nxe3 16. Nc7+ Kf8 17. Qxe3 Rc8 18. Nd5 exf4 19. Qa7 Bc6 20. h4 h6 21. g6
Bxd5 22. exd5 Rxc4 23. Bxc4 fxg6 24. Qxb7 Bxh4 25. Bd3 Qe8 26. Qxa6 Be7 27. Re1
h5 28. Re6 Rh6 29. Bb5 Qd8 30. Re4 h4 31. Rxf4+ Kg8 32. Rf1 h3 33. Be2 Bf6 34.
a4 Qe7 35. Bf3 h2 36. Bh1 Rh4 37. a5 Rb4 38. Qc8+ Kf7 39. Qc3 Rg4 40. a6 Rg1
41. Qd3 Rxf1+ 42. Qxf1 Qe3+ 43. Kd1 Kg8 44. Qf3 Qg1+ 45. Kd2 Bxb2 46. c3 Qc1+
47. Ke2 Bxc3 48. a7 Qd2+ 49. Kf1 Qe1+ 50. Kg2 Qd2+ 51. Kh3 Qh6+ 52. Kg2 Qg5+
53. Kxh2 Be5+ 54. Kh3 Qh6+ 55. Kg2 Qd2+ 56. Kf1 Qc1+ 57. Kg2 Qb2+ 58. Kf1 Qa1+
59. Kg2 Qxa7 60. Qe4 Qa2+ 61. Kf1 Qa1+ 62. Kg2 Qb2+ 63. Kf3 Qc1 64. Ke2 g5 65.
Bf3 Qb2+ 66. Kf1 Qc1+ 67. Ke2 Qb2+ 68. Kf1 Qa1+ 69. Ke2 Qa6+ 70. Kd1 Qf1+ 71.
Kc2 Qf2+ 72. Kd3 Qf1+ 73. Kc2 Qf2+ 74. Kd3 Qb2 75. Bg4 Qb1+ 76. Ke3 Bf4+ 77.
Kd4 Qb4+ 78. Kd3 Qb1+ 79. Kd4 Qg1+ 80. Kc4 Qxg4 81. Qe8+ Kh7 82. Qe4+ Kh6 83.
Qe8 Be5+ 84. Kb5 Qe2+ 85. Kc6 Qc4+ 86. Kb6 Qc5+ 87. Ka6 Qxd5 88. Qh8+ Kg6 89.
Qe8+ Qf7 90. Qc8 Qa2+ 91. Kb5 Qb3+ 92. Ka6 Qa4+ 93. Kb7 Qb5+ 94. Ka8 Qd5+ 95.
Kb8 Qf7 96. Qc2+ Qf5 97. Qc6 g4 98. Qe8+ Kh7 99. Qa4 d5+ 100. Kb7 d4 101. Kc6
d3 102. Kd5 d2 103. Kc5 Bf6+ 104. Kb6 Qb1+ 105. Kc5 d1=Q 0-1

[Event "Torneo de Benidorm sub 2000 2019"]
[Site "Benidorm ESP"]
[Date "2019.12.07"]
[Round "10.5"]
[White "Gutierrez Abarrategui, Luis"]
[Black "Nazarov, Alexander"]
[Result "0-1"]
[WhiteElo "1855"]
[BlackElo "1943"]
[PlyCount "64"]
[EventDate "2019.11.29"]
[EventType "swiss"]
[EventRounds "10"]
[EventCountry "ESP"]
[SourceTitle "Ajedrez en Madrid"]
[Source "lmi"]
[SourceDate "2019.11.30"]
[SourceVersion "1"]
[SourceVersionDate "2019.12.08"]
[SourceQuality "1"]

1. d4 d5 2. Nc3 Nf6 3. Bf4 c5 4. e3 cxd4 5. exd4 a6 6. Nf3 Nc6 7. a3 Bg4 8. Qd2
e6 9. Ne5 Rc8 10. Be2 Bxe2 11. Qxe2 Nxd4 12. Qd3 Nc6 13. O-O Bd6 14. Nxc6 Rxc6
15. Bg5 h6 16. Qh3 O-O 17. Bh4 Be7 18. Rad1 Qb6 19. b4 Qc7 20. Rd3 Rc8 21. Bg3
Bd6 22. Ne2 Rxc2 23. Nd4 Rc1 24. Bxd6 Rxf1+ 25. Kxf1 Qxd6 26. f3 Rc1+ 27. Kf2
Qe5 28. Ne2 Rc2 29. Re3 Qd4 30. Qg3 Kh7 31. Qd6 Ra2 32. Qe7 Qh4+ 0-1

[Event "Torneo de Benidorm sub 2000 2019"]
[Site "Benidorm ESP"]
[Date "2019.12.07"]
[Round "10.6"]
[White "Cluyts, Marc"]
[Black "Tusu, Nicolae-Dan"]
[Result "1-0"]
[WhiteElo "1915"]
[BlackElo "1817"]
[PlyCount "67"]
[EventDate "2019.11.29"]
[EventType "swiss"]
[EventRounds "10"]
[EventCountry "ESP"]
[SourceTitle "Ajedrez en Madrid"]
[Source "lmi"]
[SourceDate "2019.11.30"]
[SourceVersion "1"]
[SourceVersionDate "2019.12.08"]
[SourceQuality "1"]

1. e4 c5 2. Nc3 e6 3. f4 d6 4. Nf3 Nf6 5. Bc4 Nc6 6. d3 a6 7. O-O b5 8. Bb3 Qb6
9. Qe2 Be7 10. f5 Ng4 11. Kh1 Bf6 12. fxe6 fxe6 13. Ng5 h5 14. Bxe6 Nd4 15.
Bf7+ Kf8 16. Qd1 Ra7 17. Nd5 Qd8 18. Bg6 Kg8 19. Nxf6+ gxf6 20. Nf3 Rg7 21.
Nxd4 Rxg6 22. Nf5 h4 23. Rf4 Ne5 24. Rxh4 Rxh4 25. Nxh4 Ng4 26. Qf1 Rg7 27. Bf4
d5 28. Nf5 Bxf5 29. exf5 Qe8 30. Re1 Qh5 31. Qf3 Qxf5 32. h3 Qh5 33. Kg1 Qh4
34. Bg3 1-0

[Event "Torneo de Benidorm sub 2000 2019"]
[Site "Benidorm ESP"]
[Date "2019.12.07"]
[Round "10.7"]
[White "Rodriguez Abanto, Jesus Daniel"]
[Black "Marchenko, Valentyn"]
[Result "0-1"]
[WhiteElo "1762"]
[BlackElo "1915"]
[PlyCount "66"]
[EventDate "2019.11.29"]
[EventType "swiss"]
[EventRounds "10"]
[EventCountry "ESP"]
[SourceTitle "Ajedrez en Madrid"]
[Source "lmi"]
[SourceDate "2019.11.30"]
[SourceVersion "1"]
[SourceVersionDate "2019.12.08"]
[SourceQuality "1"]

1. d4 e6 2. c4 d5 3. Qc2 c6 4. g3 f5 5. Bg2 Nf6 6. Nh3 Bd6 7. Bf4 O-O 8. O-O h6
9. Bxd6 Qxd6 10. Nf4 Bd7 11. Nd2 Na6 12. c5 Qc7 13. Nd3 Be8 14. Ne5 b6 15. Nb3
Rb8 16. Nd3 Nd7 17. Rfc1 bxc5 18. dxc5 e5 19. f4 e4 20. Ne1 Rb5 21. a4 Rb4 22.
e3 Qb8 23. Na5 Rxb2 24. Qc3 Ndxc5 25. Bf1 Rf6 26. Nxc6 Rxc6 27. Bb5 Nxa4 28.
Qxb2 Nxb2 29. Bxc6 Bxc6 30. Rxa6 Bb5 31. Re6 Nd3 32. Rb1 Nxe1 33. Rxe1 Bc4 0-1

[Event "Torneo de Benidorm sub 2000 2019"]
[Site "Benidorm ESP"]
[Date "2019.12.07"]
[Round "10.8"]
[White "Saheb, Kamel"]
[Black "Gomez Calvo, Jose Ricardo"]
[Result "1-0"]
[WhiteElo "1994"]
[BlackElo "1914"]
[PlyCount "69"]
[EventDate "2019.11.29"]
[EventType "swiss"]
[EventRounds "10"]
[EventCountry "ESP"]
[SourceTitle "Ajedrez en Madrid"]
[Source "lmi"]
[SourceDate "2019.11.30"]
[SourceVersion "1"]
[SourceVersionDate "2019.12.08"]
[SourceQuality "1"]

1. d4 Nf6 2. Bg5 c5 3. d5 d6 4. Nc3 h6 5. Bf4 a6 6. a4 g5 7. Bd2 Bg7 8. e4 e5
9. Nge2 Bg4 10. f3 Bh5 11. Ng3 Bg6 12. a5 Nh5 13. Nf5 Bxf5 14. exf5 g4 15. g3
gxf3 16. Qxf3 Nf6 17. Bd3 Nbd7 18. Be4 Nxe4 19. Nxe4 Nf6 20. Nc3 Qe7 21. O-O
O-O-O 22. Rfe1 Rde8 23. Ra4 h5 24. Bg5 Qd7 25. Bxf6 Bxf6 26. Ree4 Kb8 27. b4
cxb4 28. Rexb4 Rc8 29. Ne4 Bg7 30. Qb3 Bh6 31. Ra2 Rc7 32. Rb2 Ka8 33. Rb6 Qxf5
34. Rxb7 Be3+ 35. Qxe3 1-0

[Event "Torneo de Benidorm sub 2000 2019"]
[Site "Benidorm ESP"]
[Date "2019.12.07"]
[Round "10.9"]
[White "Basto Auzmendi, Mario"]
[Black "Pousada Garcia, Daniel"]
[Result "1-0"]
[WhiteElo "1983"]
[BlackElo "1891"]
[PlyCount "151"]
[EventDate "2019.11.29"]
[EventType "swiss"]
[EventRounds "10"]
[EventCountry "ESP"]
[SourceTitle "Ajedrez en Madrid"]
[Source "lmi"]
[SourceDate "2019.11.30"]
[SourceVersion "1"]
[SourceVersionDate "2019.12.08"]
[SourceQuality "1"]

1. Nf3 Nf6 2. g3 c5 3. Bg2 Nc6 4. O-O d5 5. d3 e5 6. e4 dxe4 7. dxe4 Bg4 8. c3
h6 9. Na3 Be7 10. Qxd8+ Bxd8 11. Be3 b6 12. Nc4 Bc7 13. a4 O-O 14. Nfd2 Rad8
15. f4 Be2 16. Rfe1 Bd3 17. h3 Nh5 18. f5 Kh7 19. Bf3 Nf6 20. g4 g5 21. Kf2 Nd7
22. Rh1 f6 23. h4 Kg7 24. Rh2 a6 25. b3 Bxc4 26. Nxc4 b5 27. Nd2 Nd4 28. Rah1
Rh8 29. Bd1 bxa4 30. bxa4 Ba5 31. hxg5 fxg5 32. cxd4 cxd4 33. Bxg5 hxg5 34. Nf3
Rxh2+ 35. Rxh2 Nf6 36. Nxg5 Rb8 37. Ne6+ Kf7 38. Kf3 Rb1 39. g5 Rxd1 40. gxf6
Kxf6 41. Rh6+ Kf7 42. Ng5+ Kg8 43. f6 Rf1+ 44. Kg2 Rf4 45. f7+ Kg7 46. Rh7+ Kg6
47. Rh8 Bb4 48. Rg8+ Kh5 49. Nf3 Rxf7 50. Rh8+ Kg6 51. Nxe5+ Kg7 52. Nxf7 Kxf7
53. Rd8 Bc3 54. Kf3 Ke7 55. Rd5 a5 56. Kg4 Ke6 57. Kf3 Ke7 58. Ke2 Ke6 59. Kd3
Ke7 60. Kc4 Ke6 61. Rh5 Ke7 62. Rh6 Kf7 63. e5 Bb2 64. Rb6 Bc3 65. Rc6 Bb2 66.
Rd6 Bc3 67. Kb5 Ke7 68. Kc4 Bb2 69. Rb6 Bc3 70. Ra6 Kf7 71. Kd3 Ke7 72. Ke4 Bb2
73. Rxa5 Bc3 74. Ra6 Kd7 75. Kd5 d3 76. Ke4 1-0

[Event "Torneo de Benidorm sub 2000 2019"]
[Site "Benidorm ESP"]
[Date "2019.12.07"]
[Round "10.10"]
[White "Martinez Peiro, Gabriel"]
[Black "Roviralta Montero, Axel"]
[Result "1-0"]
[WhiteElo "1963"]
[BlackElo "1768"]
[PlyCount "67"]
[EventDate "2019.11.29"]
[EventType "swiss"]
[EventRounds "10"]
[EventCountry "ESP"]
[SourceTitle "Ajedrez en Madrid"]
[Source "lmi"]
[SourceDate "2019.11.30"]
[SourceVersion "1"]
[SourceVersionDate "2019.12.08"]
[SourceQuality "1"]

1. d4 e6 2. c4 Nf6 3. Nc3 Bb4 4. Qc2 b6 5. a3 Be7 6. e4 d6 7. Nf3 Bb7 8. Be2 a5
9. O-O Nbd7 10. h3 e5 11. Be3 O-O 12. Rfd1 exd4 13. Nxd4 Re8 14. Nf5 Bf8 15.
Ng3 g6 16. Rac1 Bg7 17. Nd5 h5 18. Bg5 Qb8 19. b3 Re6 20. f4 Nh7 21. Bh4 c6 22.
f5 gxf5 23. Ne7+ Kf8 24. Nexf5 Be5 25. Nxh5 Nc5 26. Bf3 a4 27. b4 Nb3 28. Rb1
c5 29. b5 Qe8 30. Kh1 Bd4 31. Re1 Qd7 32. Nf4 Re5 33. Bg4 Ba1 34. Rbd1 1-0